• 首页
  • 本馆介绍
  • 公告通知
  • 最新文献
  • 馆藏检索
  • 电子资源
  • 读者导购
  • 参考咨询
  • 我的图书馆
  • 登录
  • 期刊详细显示
  • 现刊情况显示
  • 合订本情况显示
  • 篇目信息显示

期刊信息

  • 表格格式
  • 工作单格式
  • 卡片格式
索取号 
O1/SHXYJ
题名 
Journal of Mathematical Research with Applications
作者 
《数学研究及应用》编辑部
分册号 
分册名 
出版地 
大连
出版者 
《数学研究及应用》编辑部
标准刊号 
2095-2651
出版频率 
双月刊
中图法分类 
O1
主题词 
数学
电子资源 
000 00877nam0 2200253 450
001 1237072621
005 20160330085034.48
011    @a2095-2651@dCNY20.00(2012)
091    @aCN21-1579/O1
092    @b8-92
100    @a20120301d2012 km y0chiy0120 ea
101 0  @aeng
200 1  @aJournal of Mathematical Research with Applications@d=数学研究及应用@f《数学研究及应用》编辑部@F《Shu Xue Yan Jiu Ji Ying Yong》Bian Ji Bu@zchi
207    @aVol.32;No.1-
210    @a大连@c《数学研究及应用》编辑部@d2012~
215    @a126页@d26cm
326    @a双月刊@b2012~
432    @12001 @a数学研究与评论@f《数学研究与评论》编辑部
541    @a数学研究及应用@AShu Xue Yan Jiu Ji Ying Yong
606 0  @a数学
690    @aO1@v4
711 02 @a《数学研究及应用》编辑部@A《Shu Xue Yan Jiu Ji Ying Yong》Bian Ji Bu
801  0 @aCN@bNISOFT@c20160330
905    @a10447@dO1@eSHXYJ@y2012~
    
    Journal of Mathematical Research with Applications=数学研究及应用/《数学研究及应用》编辑部.-Vol.32;No.1-.-大连:《数学研究及应用》编辑部,2012~
    126页;26cm
    
    
    ISSN 2095-2651:CNY20.00(2012)
    
●
相关链接: 在易读查询期刊 在中国知网中查询期刊 在万方数据查询期刊 在维普查询期刊
唐山师范学院图书馆 欢迎您!
大连网信软件有限公司© 版权所有